| 000 | 01069 a2200301 4500 | ||
|---|---|---|---|
| 020 | _a0387244255 (Cloth) | ||
| 020 | _a0387260900 (electronic bk.) | ||
| 024 | 3 | _a9786610634248 | |
| 035 | _acis5717045 | ||
| 040 |
_aDLC _bDLC |
||
| 082 | 0 | 4 | _a005.8 |
| 100 | 1 | _aFurht, Borivoje. | |
| 245 | 1 | 0 |
_aMultimedia encryption and watermarking: electronic resource _helectronic resource _cBorko Furht, Edin Muharemagic, Daniel Socek. |
| 260 |
_aNew York : _bSpringer, _c2005. |
||
| 300 |
_axvii, 327 p. : _bill. ; _c24 cm. |
||
| 490 | 1 |
_aMultimedia systems and applications ; _v28 |
|
| 500 | _aTitle from e-book title screen (viewed June 27, 2008). | ||
| 650 | 0 | _aMultimedia systems. | |
| 650 | 0 | _aComputer security. | |
| 655 | 7 | _aElectronic books. | |
| 700 | 1 | _aMuharemagic, Edin. | |
| 700 | 1 | _aSocek, Daniel. | |
| 710 | 2 | _aMyiLibrary. | |
| 830 | 0 | _aMultimedia systems and applications series ; | |
| 856 | 4 | 0 | _uhttp://www.myilibrary.com?id=63424 |
| 856 | 4 | 0 | _uhttp://www.springerlink.com/openurl.asp?genre=book&isbn=978-0-387-24425-9 |
| 942 |
_cBK _k005.8 FUR _2ddc |
||
| 999 |
_c6691 _d6691 |
||